Top 10 der europäischen Länder mit der höchsten Erhebung - Statistiken

Allgemein
  • Dieses Quiz wurde 254 mal gespielt
  • Das Durchschnittsergebnis liegt bei 9 aus 10
Antwortstatistiken
Meter Land Füße % Korrekt
4,810 Frankreich 15,781
99%
3,798 Österreich 12,461
99%
4,634 Schweiz 15,203
99%
2,962 Deutschland 9,718
98%
4,810 Italien 15,781
96%
3,479 Spanien 11,413
95%
5,642 Russland 18,510
93%
2,919 Griechenland 9,577
65%
2,942 Andorra 9,652
59%
2,925 Bulgarien 9,596
50%
Keine übereinstimmenden Quizze gefunden
Verteilung der Resultate
Anzahl Personen mit jedem Resultat
Perzentil nach korrekt beantworteten Fragen
Ihre Resultats-Entwicklung
Sie haben dieses Quiz noch nicht gespielt